| 000 | 00832nam a2200253Ia 4500 | ||
|---|---|---|---|
| 003 | OSt | ||
| 005 | 20220923224545.0 | ||
| 006 | a|||||r|||| 00| 0 | ||
| 007 | ta | ||
| 008 | 220922b |||||||| |||| 00| 0 hin d | ||
| 020 | _c175 | ||
| 024 | _a242,030 | ||
| 037 |
_b513, 08/03/2010, Vani Prakashan _cTextual |
||
| 040 |
_aARTS _cARTS _bhin |
||
| 041 |
_2hin _ahin |
||
| 082 | _a4.N9, 152P4 | ||
| 100 |
_aहर्षदेव _9156280 |
||
| 245 | 0 | _aउत्तर आधुनिक मीडिया तकनीक | |
| 246 | _aUttar ādhunik mīḍiyā takanīka | ||
| 260 |
_aनयी दिल्ली _b वाणी प्रकाशन _c2004 |
||
| 300 |
_a150पृ. _ccm. |
||
| 942 |
_h4.N9, 152P4 _cTEXL _2CC |
||
| 999 |
_c372197 _d372197 |
||